000 nam a22 7a 4500
999 _c27807
_d27807
008 170210b xxu||||| |||| 00| 0 eng d
020 _a9780618052844
050 _aQA 154.2 .L37 2001
100 _aLarson, Ron.
_d2001
245 _aCollege algebra/
_cRon Larson, Robert P. Hostetler.
250 _a5th ed.
260 _aNew york:
_bHoughton mifflin company,
_c2001.
300 _axxiii, 657, [126]p.:
_bill.;
_c26cm.
521 _aIncludes index.
650 _aAlgebra.
700 _aHostetler, Robert P.
942 _2lcc
_cBOOKS
_hQA 154.2 .L37 2001